Número 20 : relato /

Kaydedildi:
Detaylı Bibliyografya
Yazar: Castro S., Claudio de, 1957-
Materyal Türü: Bilinmiyor
Dil:Spanish
Baskı/Yayın Bilgisi: [Panamá] : Ediciones Ana B., 1989.
Konular:
Etiketler: Etiketle
Etiket eklenmemiş, İlk siz ekleyin!

MARC

LEADER 000000000a22000000004500
001 001601
041 0 |a spa 
082 0 4 |a P863.44   |b C355nu 
100 1 |a Castro S., Claudio de,   |d 1957- 
245 1 0 |a Número 20 :   |b relato /   |c Claudio de Castro S. 
246 3 |n Número veinte: relato  
260 1 |a [Panamá] :   |b Ediciones Ana B.,   |c 1989. 
650 4 |a LITERATURA PANAMEÑA 
650 4 |a RELATOS 
773 0 |t Cuadernos de Narrativa: joven literatura panameña  |q [8 páginas] 
999 |c 8302  |d 8302 
942 |c BK  |h P863.44 C355nu  |2 z